Statistics for Montreal's Stations in 2022 (yellow,green,blue)

Click here to take the quiz!

General Stats

  • This quiz has been taken 2 times
  • The average score is 25 of 41

Answer Stats

LineStations% Correct
GreenAngrignon
100%
Yellow-Green-OrangeBerri-UQÀM
100%
GreenCharlevoix
100%
YellowJean-Drapeau
100%
Blue-OrangeJean-Talon
100%
GreenLasalle
100%
GreenMcGill
100%
GreenMonk
100%
GreenPeel
100%
GreenPlace-des-Arts
100%
Blue-OrangeSnowdon
100%
GreenVerdun
100%
BlueAcadie
50%
GreenAssomption
50%
GreenAtwater
50%
GreenBeaudry
50%
GreenCadillac
50%
BlueCôte-de-Neige
50%
BlueDe Castelnau
50%
GreenDe Léglise
50%
BlueD'Iberville
50%
BlueÉdouard-Monpetit
50%
BlueFabre
50%
GreenFrontenac
50%
GreenGuy-Concordia
50%
GreenLangelier
50%
Green-OrangeLionel-Groulx
50%
YellowLongueuil-Université-de-Sherbrooke
50%
BlueOutremont
50%
GreenPapineau
50%
BlueParc
50%
GreenPie-IX
50%
GreenPréfontaine
50%
GreenRadisson
50%
GreenSaint-Laurent
50%
BlueSaint-Michel
50%
BlueUniversité-de-Montréal
50%
GreenViau
50%
GreenHonoré-Beauregard
0%
GreenJolicoeur
0%
GreenJoliette
0%

Score Distribution

Percentile by Number Answered

Percent of People with Each Score

Your Score History

You have not taken this quiz